| 000 | 00776nam a22002657a 4500 | ||
|---|---|---|---|
| 005 | 20260222202659.0 | ||
| 008 | 260222b |||||||| |||| 00| 0 spa d | ||
| 040 |
_aCO-BoESAP _bspa _cCO-BoESAP |
||
| 100 | 1 |
_aRoa Suárez, Hernando, _d1939- _9119 _eautor |
|
| 245 | 1 | 3 |
_aLa política : _barte y ciencia / _cHernando Roa Suárez. |
| 300 | _apáginas 25-34 | ||
| 504 | _aBibliografía : página 34. | ||
| 526 | _a104436 | ||
| 526 | _a1697 | ||
| 526 | _a19790 | ||
| 526 | _a51868 | ||
| 526 | _a102619 | ||
| 526 | _a5144 | ||
| 650 | 1 | 7 |
_aPolítica y gobierno _93943 _2LEMB |
| 650 | 2 | 7 |
_aCiencias políticas _9939 _2LEMB |
| 650 | 2 | 7 |
_aArte y Estado _9140569 _2LEMB |
| 650 | 2 | 7 |
_aDemocracia _91445 _2LEMB |
| 773 | _tTemas políticos contemporáneos | ||
| 942 |
_2cl _cCHAP |
||
| 999 |
_c175239 _d175239 |
||